Consejos para los padres : (Registro nro. 63213)

Detalles MARC
000 -LEADER
campo de control de longitud fija 02185cam a2200421 i 4500
003 - IDENTIFICADOR DE NÚMERO DE CONTROL
campo de control PE-LiUPU
005 - FECHA Y HORA DE LA ÚLTIMA TRANSACCIÓN
campo de control 20251230184251.0
008 - DATOS DE LONGITUD FIJA--INFORMACIÓN GENERAL
campo de control de longitud fija 1511 s2015 ar a rb 000 0 spa d
020 ## - NÚMERO INTERNACIONAL ESTÁNDAR DEL LIBRO
Número Internacional Estándar del Libro 9789877013993
035 ## - NÚMERO DE CONTROL DEL SISTEMA
Número de control de sistema PE-LiUPU00050
040 ## - FUENTE DE CATALOGACIÓN
Centro catalogador/agencia de origen PE-LiUPU
Lengua de catalogación spa
Centro/agencia transcriptor PE-LiUPU
Normas de descripción rda
041 1# - CÓDIGO DE IDIOMA
Código de lengua del texto/banda sonora o título independiente spa
Código de lengua original eng
082 04 - NÚMERO DE LA CLASIFICACIÓN DECIMAL DEWEY
Número de clasificación 248.845
Cutter W583c
Número de edición 23
090 ## - LOCALMENTE ASIGNADO TIPO-LC NÚMERO DE CLASIFICACIÓN (OCLC); NÚMERO DE CLASIFICACIÓN LOCAL (RLIN)
Número de clasificación (OCLC) (R) ; Numero de clasificación, CALL (RLIN) (NR) 230
Número cutter local (OCLC) ; Número de libro/Signatura topográfica íntegra, CALL (RLIN) W58c
100 1# - ENTRADA PRINCIPAL--NOMBRE DE PERSONA
Nombre de persona White, Ellen G.,
Fechas asociadas al nombre 1827-1915,
Término indicativo de función/relación autor.
9 (RLIN) 833
245 10 - MENCIÓN DEL TÍTULO
Título Consejos para los padres :
Resto del título mensajes basados en 2 Pedro 1 /
Mención de responsabilidad, etc. Elena G. de White ; dirigido por Aldo Dante Orrego ; traducción de Claudia Blath.
250 ## - MENCION DE EDICION
Mención de edición Primera edición.
264 #1 - PRODUCCIÓN, PUBLICACIÓN, DISTRIBUCIÓN, FABRICACIÓN Y COPYRIGHT
Producción, publicación, distribución, fabricación y copyright Florida :
Nombre del de productor, editor, distribuidor, fabricante Asociación Casa Editora Sudamericana,
Fecha de producción, publicación, distribución, fabricación o copyright 2015.
264 #3 - PRODUCCIÓN, PUBLICACIÓN, DISTRIBUCIÓN, FABRICACIÓN Y COPYRIGHT
Producción, publicación, distribución, fabricación y copyright Impreso en la Argentina.
300 ## - DESCRIPCIÓN FÍSICA
Extensión 126 páginas ;
Dimensiones 21 cm
336 ## - TIPO DE CONTENIDO
Término de tipo de contenido text
Fuente rdacontent
337 ## - TIPO DE MEDIO
Nombre/término del tipo de medio unmediated
Fuente rdamedia
338 ## - TIPO DE SOPORTE
Nombre/término del tipo de soporte volume
Fuente rdacarrier
490 0# - MENCIÓN DE SERIE
Mención de serie Biblioteca del Hogar Cristiano
500 ## - NOTA GENERAL
Nota general Título original en inglés: Peter’s Counsel to Parents.
500 ## - NOTA GENERAL
Nota general Obra perteneciente a la colección Biblioteca del Hogar Cristiano.
504 ## - NOTA DE BIBLIOGRAFÍA, ETC.
Nota de bibliografía, etc. Incluye índice alfabético parcial e índice de referencias bíblicas.
505 ## - NOTA DE CONTENIDO CON FORMATO
Nota de contenido con formato Discurso en el Instituto Normal Occidental -- "Por esta misma razón" -- Sermón en el campamento de Petaluma, California -- Sermón en la Universidad de Loma Linda -- Palabras en la reunión campestre de Los Ángeles -- Carta 43 -- "Un ejemplo piadoso en el hogar" -- "Firme hasta el fin".
520 ## - RESUMEN, ETC.
Sumario, etc. Obra de orientación cristiana dirigida a padres y educadores, basada en el texto bíblico de 2 Pedro 1. Presenta consejos prácticos para la formación del carácter, la disciplina en el hogar y la educación espiritual de los hijos desde una perspectiva bíblica y pastoral.
650 14 - PUNTO DE ACCESO ADICIONAL DE MATERIA--TÉRMINO DE MATERIA
Término de materia o nombre geográfico como elemento de entrada Padres e hijos
9 (RLIN) 2059
Subdivisión general Cristianismo
650 24 - PUNTO DE ACCESO ADICIONAL DE MATERIA--TÉRMINO DE MATERIA
Término de materia o nombre geográfico como elemento de entrada Educación cristiana en el hogar
9 (RLIN) 7948
650 24 - PUNTO DE ACCESO ADICIONAL DE MATERIA--TÉRMINO DE MATERIA
Término de materia o nombre geográfico como elemento de entrada Formación del carácter
Subdivisión general Aspectos religiosos
9 (RLIN) 7949
700 1# - ENTRADA AGREGADA--NOMBRE PERSONAL
Nombre de persona Orrego, Aldo Dante,
Término indicativo de función/relación director.
700 1# - ENTRADA AGREGADA--NOMBRE PERSONAL
Nombre de persona Blath, Claudia,
Término indicativo de función/relación traductora.
710 2# - ENTRADA AGREGADA--NOMBRE DE ENTIDAD CORPORATIVA
Nombre de entidad corporativa o nombre de jurisdicción como elemento de entrada Asociación Casa Editora Sudamericana.
942 ## - ELEMENTOS DE ENTRADA SECUNDARIOS (KOHA)
Fuente del sistema de clasificación o colocación Clasificación Decimal Dewey
Tipo de ítem Koha Libros físicos
980 ## - EQUIVALENCIA O REFERENCIA-CRUZADA-MENCIÓN DE SERIE--NOMBRE DE PERSONA/TÍTULO [LOCAL, CANADÁ]
ID del usuario creador del registro 18228
Nombre del creador del registro Rebeca Esther Huerta Leyton
ID del último usuario que modificó el registro 18226
Nombre del último usuario que modificó el registro Jaime Vilcazán Jefe de Análisis Documental
Existencias
Visto por última vez Total de préstamos Signatura topográfica completa Código de barras Copia número Coste, precio de reemplazo Fecha de reemplazo Facultad Tipo de ítem Koha Estado de pérdida Fuente del sistema de clasificación o colocación Restricciones de uso No para préstamo Colección Programa académico Biblioteca de origen Biblioteca actual Ubicación en estantería Fecha de adquisición Fuente de adquisición Coste, precio normal de compra
2026-03-15   248.845 W583c 82965 e1 15.00 2025-12-23 Teología Libros físicos No Perdido Clasificación Decimal Dewey No restringido Disponible para préstamos Colección General Teología Biblioteca CRAI UPeU Lima Biblioteca CRAI UPeU Lima Sala principal 2025-12-10 Donación, David Echevarría 10.00